fundamentals of kalman filtering; a practical approach + CD (Record no. 301285)
[ view plain ]
| 000 -LEADER | |
|---|---|
| fixed length control field | 00427 a2200157 4500 |
| 001 - CONTROL NUMBER | |
| control field | 66212 |
| 082 ## - DEWEY DECIMAL CLASSIFICATION NUMBER | |
| Classification number | 629.4743 ZAR |
| 090 ## - LOCALLY ASSIGNED LC-TYPE CALL NUMBER (OCLC); LOCAL CALL NUMBER (RLIN) | |
| -- | 38501 |
| -- | 38501 |
| 100 ## - MAIN ENTRY--PERSONAL NAME | |
| Personal name | Zarchan, Paul |
| 245 ## - TITLE STATEMENT | |
| Title | fundamentals of kalman filtering; a practical approach + CD |
| 260 ## - PUBLICATION, DISTRIBUTION, ETC. | |
| Place of publication, distribution, etc. | Massachuetts |
| Name of publisher, distributor, etc. | AAIA Education series |
| Date of publication, distribution, etc. | 2000 |
| 300 ## - PHYSICAL DESCRIPTION | |
| Extent | xx, 664 |
| Accompanying material | with CD |
| 500 ## - GENERAL NOTE | |
| General note | CD/DVD |
| 600 ## - SUBJECT ADDED ENTRY--PERSONAL NAME | |
| Title of a work | kalman filtering |
| 650 ## - SUBJECT ADDED ENTRY--TOPICAL TERM | |
| Topical term or geographic name entry element | kalman filtering |
| 942 ## - ADDED ENTRY ELEMENTS (KOHA) | |
| Institution code [OBSOLETE] | NUST-CAE |
| Call number prefix | 629.4743 ZAR |
| Withdrawn status | Lost status | Damaged status | Not for loan | Collection code | Permanent Location | Current Location | Date acquired | Total Checkouts | Full call number | Barcode | Date last seen | Price effective from | Koha item type |
|---|---|---|---|---|---|---|---|---|---|---|---|---|---|
| College of Aeronautical Engineering (CAE) | College of Aeronautical Engineering (CAE) | 04/03/2017 | 629.4743 ZAR | CAEN-818 | 04/05/2017 | 04/05/2017 | Book |
